The Famoas Five (Record no. 832055)

MARC details
000 -LEADER
fixed length control field 00403nam a2200169Ia 4500
008 - FIXED-LENGTH DATA ELEMENTS--GENERAL INFORMATION
fixed length control field 110201s9999 xx 000 0 und d
082 ## - DEWEY DECIMAL CLASSIFICATION NUMBER
Item number B6389
Classification number BAL 1668
100 ## - MAIN ENTRY--PERSONAL NAME
Personal name Enid Blyton
245 ## - TITLE STATEMENT
Title The Famoas Five
260 ## - PUBLICATION, DISTRIBUTION, ETC. (IMPRINT)
Name of publisher, distributor, etc A division of Hodden Pde
365 ## - TRADE PRICE
Price amount 40
600 ## - SUBJECT ADDED ENTRY--PERSONAL NAME
Personal name Enid Blyton
630 ## - SUBJECT ADDED ENTRY--UNIFORM TITLE
Uniform title The Famoas Five
700 ## - ADDED ENTRY--PERSONAL NAME
Personal name Enid Blyton
730 ## - ADDED ENTRY--UNIFORM TITLE
Uniform title The Famoas Five
942 ## - ADDED ENTRY ELEMENTS (KOHA)
Koha item type Book
Holdings
Withdrawn status Lost status Damaged status Not for loan Home library Current library Date acquired Cost, normal purchase price Total Checkouts Barcode Date last seen Cost, replacement price Price effective from Koha item type
        Prof.Manikrao Kirtane Vachanalaya, Vashi, Navi Mumbai Prof.Manikrao Kirtane Vachanalaya, Vashi, Navi Mumbai 02/01/2011 40.00   PMKV-B6389 02/01/2011 40.00 02/01/2011 Book